000 00499nam a2200169 i 4500
001 bg
100 1 _aBRATKOWSKI, Adam
245 0 _aWytyczne programowania i projektowania zaplecza produkcyjno-usługowego w budownictwie /
_cA. Bratkowski, B. Borkowski, Z. Jaskłowski.
260 _aWarszawa,
_c1968.
700 1 _aBORKOWSKI, Bogumił
700 1 _aJASKŁOWSKI, Zdzisław
040 _cBPK
041 _apol
080 _a658.5:69
942 _cKS
008 s pl f |000 0 pol
999 _c26085
_d26085
856 _uhttp://koha.tu.koszalin.pl/cgi-bin/koha/opac-detail.pl?biblionumber=26085
_yKatalog online BPK